00572nam a2200193 a 4500001001300000003000900013005001700022008004100039020002300080082002100103100001800124245006700142260004100209300000900250500003500259505004400294650002200338700001800360nice12345678IN_TiNIC20260116013925.0050524s1997 newa grp 000 0 eng  a8170363 c55000a324.245408bVAN1 aVanaik, Achin aCommunalism Contestedb Religion, Modernity and Secularization aNew Delhi bSage Publications c1997 a374p aincludes index and biblioraphy2 aNotes, Bibliography, Index and Glossary aCommunalism-India1 aVanaik, Achin